Pathwat if creative research: (Record no. 152568)

MARC details
000 -LEADER
fixed length control field 00583nam a22001817a 4500
005 - DATE AND TIME OF LATEST TRANSACTION
control field 20180606144501.0
010 ## - LCCN (DPL NO)
LC control number ENG-123157
020 ## - INTERNATIONAL STANDARD BOOK NUMBER
International Standard Book Number 9789384082255
Terms of availability 1395.00
035 ## - SYSTEM CONTROL NUMBER
System control number EN-106689
037 ## - SOURCE OF ACQUISITION
Source of stock number/acquisition DBAD/PUB
082 ## - DEWEY DECIMAL CLASSIFICATION NUMBER
Classification number 300.72
245 ## - TITLE STATEMENT
Title Pathwat if creative research:
Statement of responsibility, etc edited by Ananta Kumar Giri
Remainder of title towards a festival of dialogues /
260 ## - PUBLICATION, DISTRIBUTION, ETC. (IMPRINT)
Place of publication, distribution, etc Delhi
Name of publisher, distributor, etc Primus Books
Date of publication, distribution, etc 2017
270 ## - ADDRESS
Address Virat Bhavan,Mukherjee Nagar,Commercial Complex,
City Delhi
Postal code 110009
300 ## - PHYSICAL DESCRIPTION
Extent 485p.
Dimensions 22cm(Hb)
500 ## - GENERAL NOTE
General note It includes index
942 ## - ADDED ENTRY ELEMENTS (KOHA)
Source of classification or shelving scheme Dewey Decimal Classification
Item type English Books
Call number suffix PAT
Classification part 300.72
Holdings
Withdrawn status Lost status Not for loan Collection code Home library Current library Date acquired Source of acquisition Cost, normal purchase price Full call number Barcode Copy number Cost, replacement price Koha item type
    Not For Loan Non-fiction D.B.Act.Division Sarojini Nagar 06/06/2018 DBAD/PUB 1395.00 300.72 PAT EN-106689 1 1395.00 English Books

© Delhi Public Library
Hit Counter
free hit counter